Представление документа в формате RUSMARC

Поле Инд. ПП Название Значение
Тип записи a
Библиографический уровень a
001 Контрольный номер 45eeb844c36d420f876874142f61d454
005 Дата корректировки 20190129154558.2
100 a Данные общей обработки 20190129 ||| 0rusy0189 ca
101 0_ a Язык текста rus
102 a Страна публикации RU
200 1_ f Первые сведения об ответственности С.О. Шохин
a Заглавие Контроль, надзор и аудит в финансовой сфере
b Общее обозначение материала Текст
210 1_ d Дата издания 2018
461 _0 1 2000
a Финансовое право
463 _0 1 2000
a № 12
v С. 7-8
1 2101
d 2018
1 001fcd9514bae04497384e7466c3bf7a1c0
606 a Основная рубрика Финансовое право
610 0_ a Ключевые слова КОНТРОЛЬ ФИНАНСОВЫЙ
a Ключевые слова АУДИТ
700 _1 a Фамилия Шохин
b Имя С.О.
801 _0 a Страна RU
b Организация РГУП
c Дата составления 20190129
g Правила каталогизации PSBO
801 _1 a Страна RU
b Организация РГУП
c Дата составления 20190129
g Правила каталогизации PSBO
901 t Тип документа b
w Контрольный № источника fcd9514bae04497384e7466c3bf7a1c0
905 a Дата ввода 20190129